LEADER 01498nam2 2200373 450 001 000034045 005 20130429122522.0 010 $a88-02-05850-4 100 $a20121214d2002----km-y0itaa50------ba 101 0 $aita 102 $aIT 200 1 $aFilosofia della natura$fdi Georg Wilhelm Friedrich Hegel$ga cura di Valerio Verra 210 $aTorino$cUnione Tipografico-Editrice Torinese$d2002 215 $a554 p., [4] carte di tav.$cill.$d24 cm 225 2 $aClassici della filosofia 410 0$12001$aClassici della filosofia 461 1$1001000005052$12001$aEnciclopedia delle scienze filosofiche in compendio$vParte seconda 676 $a113.092$v(22. ed.)$9Cosmologia (Filosofia della natura). Persone 700 1$aHegel,$bGeorg Wilhelm Friedrich$f<1770-1831>$0289533 702 1$aVerra,$bValerio 801 0$aIT$bUniversità della Basilicata - B.I.A.$gREICAT$2unimarc 912 $a000034045 996 $aFilosofia della natura$917502 997 $aUNIBAS BAS $aLETTERE CAT $aSTD085$b01$c20121214$lBAS01$h1331 CAT $aSTD085$b01$c20121214$lBAS01$h1334 CAT $aEXT014$b01$c20130423$lBAS01$h1413 CAT $aEXT014$b01$c20130424$lBAS01$h1152 CAT $aATR$b01$c20130429$lBAS01$h1056 CAT $aATR$b01$c20130429$lBAS01$h1203 CAT $aATR$b01$c20130429$lBAS01$h1225 FMT Z30 -1$lBAS01$LBAS01$mBOOK$1BASA1$APolo Storico-Umanistico$2GEN$BCollezione generale$3FM/111623$6111623$5L111623$820121214$f02$FPrestabile Generale LEADER 00899nam2 22002653i 450 001 PIS0054219 005 20231121125607.0 100 $a20160526d2014 ||||0itac50 ba 101 | $aita 102 $ait 181 1$6z01$ai $bxxxe 182 1$6z01$an 200 1 $a˜2: œStudi$fa cura di A. Benocci ... [et al.] 210 $aOspedaletto, Pisa$cPacini$d2014 215 $a435-858 p.$d24 cm 461 1$1001PIS0054217$12001 $aScritti per Franco Belli$v2 702 1$aBenocci$b, Alessandro$3RMSV634053$4340 801 3$aIT$bIT-01$c20160526 850 $aIT-FR0098 899 $aBiblioteca Area Giuridico Economica$bFR0098 $eN 912 $aPIS0054219 950 2$aBiblioteca Area Giuridico Economica$d 53ATENE 32 51$e 53ATE0000209015 VMN A4 $fA $h20160526$i20160526 977 $a 53 996 $aStudi$961691 997 $aUNICAS